[Event "AUTO-ELITE-753"]
[Site "http://www.queenalice.com/game.php?id=929044"]
[Date "2011.4.22"]
[Round "1"]
[White "isidorito444"]
[Black "BEBADO"]
[Result "1-0"]
[WhiteElo "2291"]
[BlackElo "2192"]

1. e4 c5 2. c3 Nf6 3. e5 Nd5 4. d4 cxd4 5. Nf3 e6 6. cxd4 b6 7. Nc3 Bb4 8. Bd2
Bxc3 9. bxc3 Bb7 10. Bd3 d6 11. Qa4+ Bc6 12. Qa3 dxe5 13. Nxe5 Qe7 14. Qb3 Bb7
15. Bb5+ 1-0

[Event "AUTO-ELITE-753"]
[Site "http://www.queenalice.com/game.php?id=929045"]
[Date "2011.4.22"]
[Round "1"]
[White "BEBADO"]
[Black "isidorito444"]
[Result "0-1"]
[WhiteElo "2184"]
[BlackElo "2282"]

1. f4 e6 2. Nf3 Nc6 3. e3 Be7 4. Be2 Nh6 5. O-O d5 6. b3 O-O 7. Bb2 Nf5 8. Bd3
Nb4 9. Bxf5 exf5 10. Qe1 Nxc2 11. Qg3 f6 12. Nc3 Nxa1 13. Bxa1 b6 14. Nd4 Qd7
0-1

[Event "AUTO-ELITE-806"]
[Site "http://www.queenalice.com/game.php?id=969120"]
[Date "2011.8.5"]
[Round "1"]
[White "Patrick_Vieira"]
[Black "isidorito444"]
[Result "1/2-1/2"]
[WhiteElo "2563"]
[BlackElo "2309"]

1. e4 c5 2. Nf3 Nc6 3. d4 Nxd4 4. Nxd4 cxd4 5. Qxd4 e6 6. Nc3 a6 7. Be2 Ne7 8.
Bf4 Nc6 9. Qd2 Be7 10. O-O b5 11. Rad1 O-O 12. a3 Bc5 13. b4 Bd4 14. Bd6 Re8 15.
a4 Qf6 16. Nxb5 axb5 17. axb5 Bc3 18. e5 Bxd2 19. exf6 Bxb4 20. bxc6 Bxd6 21.
Rxd6 dxc6 22. fxg7 Bb7 23. Rd7 Ba6 24. Bh5 Kxg7 25. Rb1 Rf8 26. h3 Rad8 27. Rbd1
Rxd7 28. Rxd7 Bc4 29. Rc7 Bd5 30. Be2 Ra8 1/2-1/2

[Event "AUTO-ELITE-806"]
[Site "http://www.queenalice.com/game.php?id=969121"]
[Date "2011.8.5"]
[Round "1"]
[White "isidorito444"]
[Black "Patrick_Vieira"]
[Result "0-1"]
[WhiteElo "2296"]
[BlackElo "2563"]

1. d4 Nf6 2. c4 g6 3. Nc3 d5 4. Nf3 Bg7 5. e3 O-O 6. cxd5 Nxd5 7. Bc4 Nb6 8. Bb3
c5 9. O-O cxd4 10. exd4 Nc6 11. d5 Na5 12. h3 Nxb3 13. axb3 Qd6 14. Re1 Rd8 15.
Ra5 Bf5 16. Bg5 Bxc3 17. bxc3 f6 18. Bh4 Nxd5 19. g4 Qc6 0-1

[Event "AUTO-ELITE-806"]
[Site "http://www.queenalice.com/game.php?id=969128"]
[Date "2011.8.5"]
[Round "1"]
[White "isidorito444"]
[Black "cmnetto"]
[Result "1-0"]
[WhiteElo "2323"]
[BlackElo "2150"]

1. d4 Nf6 2. c4 e6 3. Nc3 d5 4. Nf3 Be7 5. Bf4 Nc6 6. e3 O-O 7. Rc1 Nh5 8. Be5
g6 9. h3 Nxe5 10. Nxe5 c6 11. Be2 Nf6 12. O-O Nd7 13. Nf3 dxc4 14. Bxc4 b5 15.
Be2 Bb7 16. Nd2 Qa5 17. Nb3 Qb6 18. Qc2 a5 19. Ne4 a4 20. Nbc5 Nxc5 21. Nxc5
Bxc5 22. Qxc5 Qxc5 23. Rxc5 Rfd8 24. f4 a3 25. b4 Ra4 26. Rb1 Rd5 27. Rc3 Kg7
28. Bd1 Ra8 29. Rbb3 Ra4 30. Rxa3 Rxb4 31. Bb3 Rd8 32. Ra7 Rb8 33. a3 1-0

[Event "AUTO-ELITE-806"]
[Site "http://www.queenalice.com/game.php?id=969129"]
[Date "2011.8.5"]
[Round "1"]
[White "cmnetto"]
[Black "isidorito444"]
[Result "0-1"]
[WhiteElo "2208"]
[BlackElo "2300"]

1. e4 c5 2. Nf3 Nc6 3. Nc3 e5 4. Bc4 Be7 5. b3 d6 6. h3 Nf6 7. Bb2 a6 8. a4 O-O
9. O-O Be6 10. d3 Qd7 11. Nd2 Rae8 12. Re1 Bd8 13. Re3 Ba5 14. Nd5 Bxd5 15. Bxd5
Nxd5 16. exd5 Ne7 17. c4 Ng6 18. Nf3 Nf4 19. Ng5 Qd8 20. Qg4 f5 21. Qg3 Bd2 22.
Qh4 h6 0-1

[Event "AUTO-ELITE-811"]
[Site "http://www.queenalice.com/game.php?id=973867"]
[Date "2011.8.17"]
[Round "1"]
[White "isidorito444"]
[Black "capito"]
[Result "1-0"]
[WhiteElo "2339"]
[BlackElo "2221"]

1. d4 Nf6 2. c4 d6 3. Nf3 g6 4. h3 Bg7 5. Nc3 O-O 6. e4 c5 7. d5 a6 8. a4 Nbd7
9. a5 Ne5 10. Nxe5 dxe5 11. Be2 e6 12. O-O exd5 13. cxd5 Bd7 14. Qb3 Rb8 15. Rd1
Ne8 16. Be3 Qc7 17. d6 Qc6 18. Nd5 Kh8 19. Rdc1 Qxd6 20. Bxc5 Qe6 21. Qb4 Rg8
22. Ne7 Bc6 23. Bg4 f5 24. exf5 gxf5 25. Bxf5 Qf7 26. Bxh7 Kxh7 27. Nxc6 Nc7 28.
Nxb8 Rxb8 29. Bd6 1-0

[Event "AUTO-ELITE-811"]
[Site "http://www.queenalice.com/game.php?id=973868"]
[Date "2011.8.17"]
[Round "1"]
[White "capito"]
[Black "isidorito444"]
[Result "0-1"]
[WhiteElo "2236"]
[BlackElo "2330"]

1. e4 c5 2. Nf3 Nc6 3. d4 cxd4 4. Nxd4 e5 5. Nb5 d6 6. Be2 Nf6 7. Bg5 a6 8. Bxf6
gxf6 9. N5c3 f5 10. exf5 Bxf5 11. O-O Qg5 12. Qd2 Qg6 13. Nd5 Bh3 14. Bf3 Rg8
15. g3 Nd4 16. Bg2 Bxg2 17. Kxg2 Qe4+ 18. Kh3 Qg4+ 19. Kg2 Qf3+ 20. Kg1 Bh6 0-1

[Event "AUTO-ELITE-811"]
[Site "http://www.queenalice.com/game.php?id=973869"]
[Date "2011.8.17"]
[Round "1"]
[White "isidorito444"]
[Black "iamtherealtylerdurden"]
[Result "1/2-1/2"]
[WhiteElo "2317"]
[BlackElo "2527"]

1. d4 Nf6 2. c4 e5 3. dxe5 Ng4 4. Bf4 Nc6 5. Nf3 Bb4+ 6. Nc3 Bxc3+ 7. bxc3 Qe7
8. Qd5 f6 9. exf6 Nxf6 10. Qd2 d6 11. e3 O-O 12. Qc2 Bg4 13. Bd3 Bxf3 14. gxf3
Ne5 15. Be2 Nfd7 16. O-O-O Nc5 17. Rhg1 Qe6 18. Rd5 b6 19. h4 Rae8 20. h5 Rf7
21. Rg3 Ref8 22. Bxe5 dxe5 23. Rg5 Nd7 24. Rd1 Qf6 25. Rdg1 Nc5 26. f4 exf4 27.
h6 1/2-1/2

[Event "AUTO-ELITE-811"]
[Site "http://www.queenalice.com/game.php?id=973870"]
[Date "2011.8.17"]
[Round "1"]
[White "iamtherealtylerdurden"]
[Black "isidorito444"]
[Result "0-1"]
[WhiteElo "2545"]
[BlackElo "2347"]

1. d4 d5 2. Nc3 Nf6 3. Bg5 c5 4. Bxf6 exf6 5. e3 Nc6 6. Nge2 Be6 7. Qd2 cxd4 8.
Nxd4 Be7 9. O-O-O O-O 10. Kb1 Qb6 11. Be2 Rfd8 12. Na4 Qc7 13. Nb5 Qd7 14. Nac3
Bc5 15. Na4 Bb4 16. Qd3 Rac8 17. a3 Bf8 18. Qd2 Qe8 19. Nac3 a6 20. Nd4 b5 21.
Na2 Nxd4 22. exd4 Qc6 23. Qc3 Qb6 24. Qd3 Rb8 25. h3 Rdc8 26. g4 a5 27. f4 Bd7
28. Bf3 b4 29. axb4 Bxb4 30. Bxd5 Bd6 31. Qb3 Qc7 32. Qd3 a4 33. Rh2 a3 34. b3
Bb5 35. Qf3 Bxf4 36. Rf2 Bg5 37. Ka1 Ba6 38. c4 Re8 39. Re2 g6 40. Nc3 Rxe2 41.
Nxe2 Re8 42. Be4 Qb6 43. Rb1 h5 44. gxh5 f5 45. Bd5 Re3 46. Qf1 Bb7 47. hxg6
Bxd5 48. Qxf5 Qxg6 49. Qxd5 Rxe2 50. Rg1 Kh7 51. Qf3 Re3 52. Qd1 Rc3 0-1

[Event "AUTO-ELITE-908"]
[Site "http://www.queenalice.com/game.php?id=1024198"]
[Date "2012.2.1"]
[Round "1"]
[White "isidorito444"]
[Black "RenverKestak"]
[Result "1/2-1/2"]
[WhiteElo "2371"]
[BlackElo "2552"]

1. d4 g6 2. e4 d6 3. Be2 Nf6 4. Nc3 Bg7 5. Nf3 O-O 6. O-O Nc6 7. Bg5 a6 8. Qd2
b5 9. a3 Bb7 10. Rad1 Re8 11. Rfe1 e5 12. dxe5 Nxe5 13. Nxe5 dxe5 14. Qe3 Qe7
15. h3 c6 16. h4 Qc7 17. h5 Re6 18. Rd2 Rd8 19. Rxd8+ Qxd8 20. Rd1 Rd6 21. Rxd6
Qxd6 22. h6 Bh8 23. Qb6 Bc8 24. Be3 Qd7 25. a4 Bb7 26. Bc5 Qc8 27. Bd6 Nd7 28.
Qa7 Bf6 29. Bg4 Bg5 30. axb5 cxb5 31. Bxd7 Qxd7 32. Bxe5 f5 33. Bd4 Bxh6 34.
Qb8+ Bf8 35. Nd5 Kf7 36. Qe5 Bxd5 37. exd5 Qe7 38. f4 a5 39. c3 a4 40. g3 Bh6
41. Kf2 1/2-1/2

[Event "AUTO-ELITE-908"]
[Site "http://www.queenalice.com/game.php?id=1024199"]
[Date "2012.2.1"]
[Round "1"]
[White "RenverKestak"]
[Black "isidorito444"]
[Result "1/2-1/2"]
[WhiteElo "2558"]
[BlackElo "2365"]

1. d4 d5 2. c4 e6 3. Nf3 Nf6 4. Nc3 h6 5. g3 Nc6 6. Bg2 Bd6 7. c5 Be7 8. Bf4 O-O
9. Rb1 Ne4 10. O-O Bf6 11. Qd3 Nxc3 12. bxc3 b6 13. e4 Rb8 14. Rfd1 dxe4 15.
Qxe4 Bb7 16. Qe2 Ne7 17. Be5 Bxe5 18. Nxe5 Bxg2 19. Kxg2 Qd5+ 20. Kg1 Nc6 21.
Nd3 bxc5 22. Rxb8 Rxb8 23. Nxc5 Rb6 24. Re1 Na5 25. Nd3 Qc4 1/2-1/2

[Event "AUTO-ELITE-908"]
[Site "http://www.queenalice.com/game.php?id=1024200"]
[Date "2012.2.1"]
[Round "1"]
[White "isidorito444"]
[Black "BeHappy"]
[Result "1-0"]
[WhiteElo "2378"]
[BlackElo "2461"]

1. d4 Nf6 2. c4 e6 3. Nc3 d5 4. Nf3 Bb4 5. e3 Nc6 6. Bd3 O-O 7. O-O b6 8. cxd5
exd5 9. Qc2 Bd6 10. Nxd5 Nxd5 11. Bxh7+ Kh8 12. Qxc6 Rb8 13. Bb1 Nb4 14. Qc3 Nd5
15. Qb3 f5 16. e4 fxe4 17. Bxe4 Nf4 18. Bxf4 Rxf4 19. Rfe1 Bg4 20. g3 Rf6 21.
Ne5 Bxe5 22. dxe5 Re6 23. Bf3 Bf5 24. Bd5 Rh6 25. Bf7 Qe7 26. e6 Rf8 27. Rad1
Bg4 28. f3 Bh5 29. Rd7 Qc5+ 30. Kg2 Bxf7 31. Rxf7 Re8 32. e7 a5 33. Re6 Rh5 34.
Qa4 b5 35. Qg4 Qc2+ 36. Kf1 Qd3+ 37. Re2 g6 38. Qf4 1-0

[Event "AUTO-ELITE-908"]
[Site "http://www.queenalice.com/game.php?id=1024201"]
[Date "2012.2.1"]
[Round "1"]
[White "BeHappy"]
[Black "isidorito444"]
[Result "1/2-1/2"]
[WhiteElo "2444"]
[BlackElo "2376"]

1. d4 d5 2. Nf3 e6 3. g3 c5 4. Bg2 cxd4 5. Nxd4 Nf6 6. O-O e5 7. Nb3 Be6 8. Bg5
Nbd7 9. Nc3 Be7 10. e4 dxe4 11. Nxe4 Nxe4 12. Bxe7 Qxe7 13. Bxe4 Nf6 14. Bg2 O-O
15. Qe2 Ng4 16. Rfe1 Rfe8 17. h3 Bxb3 18. hxg4 Ba4 19. b3 Bc6 20. Bxc6 bxc6 21.
Rad1 Rad8 22. Rxd8 Qxd8 23. Rd1 Qc7 24. Qd3 h6 25. Qd7 Re7 26. Qxc7 Rxc7 27.
Rd8+ Kh7 28. Re8 f6 29. Kf1 Kg6 30. Ke2 Kf7 31. Ra8 Ke6 32. Ke3 Rb7 33. Ke4 Rd7
34. Rc8 Kd6 35. f3 Kc5 36. c3 a5 37. Ra8 Kb6 38. a4 Rd2 39. Rb8+ Kc5 40. Rb7
Re2+ 41. Kd3 Rf2 42. Ke3 Rb2 43. Rxg7 Rxb3 44. Kd3 Ra3 45. Rf7 Rxa4 46. Rxf6 Ra1
47. Rxh6 a4 48. Rh5 Kd6 49. Ke4 a3 50. Rh2 Ke6 51. Re2 Rc1 52. Kd3 Rd1+ 53. Kc4
Rg1 54. Kb3 Rxg3 55. Re3 Kd5 56. Kxa3 Kc4 57. Kb2 Rg2+ 58. Kc1 e4 59. Rxe4+ Kxc3
60. Kd1 Kd3 61. Ke1 c5 62. Re7 c4 63. Rd7+ Ke3 64. Kd1 Kxf3 65. Rd4 Rxg4 66.
Rxg4 Kxg4 67. Kc2 c3 68. Kxc3 Kf3 1/2-1/2

[Event "AUTO-ELITE-908"]
[Site "http://www.queenalice.com/game.php?id=1111398"]
[Date "2012.10.11"]
[Round "2"]
[White "danbots5k"]
[Black "isidorito444"]
[Result "0-1"]
[WhiteElo "2343"]
[BlackElo "2421"]

1. d4 d5 2. Nf3 Bf5 3. Bf4 e6 4. e3 Nc6 5. Bb5 Bd6 6. Bxd6 cxd6 7. Bd3 Qb6 8. b3
Bxd3 9. Qxd3 Nf6 10. c3 O-O 11. Nfd2 a6 12. O-O Rac8 13. Na3 Qa5 14. Nc2 Ne5 15.
dxe5 Rxc3 16. Qe2 Rxc2 17. exf6 Qxd2 18. Qg4 g6 19. Rad1 Qc3 20. Rd4 h6 21. Qf4
Kh7 22. Qxd6 Rc8 23. g4 g5 24. Qe7 Kg6 25. Qxb7 Rxa2 26. h3 Kxf6 27. Ra4 Rxa4
28. bxa4 a5 29. Qb1 Kg7 30. Kg2 Qc2 31. Qa1+ Rc3 32. Rd1 Kh7 33. Re1 Kg6 34. Kf1
d4 35. Qb1 Qxb1 36. Rxb1 dxe3 37. f3 Rc2 38. Rb5 Rf2+ 39. Kg1 Rxf3 40. Kg2 Rf2+
41. Kg3 f5 42. gxf5+ exf5 43. h4 f4+ 44. Kh3 e2 0-1

[Event "AUTO-ELITE-908"]
[Site "http://www.queenalice.com/game.php?id=1111399"]
[Date "2012.10.11"]
[Round "2"]
[White "isidorito444"]
[Black "danbots5k"]
[Result "1-0"]
[WhiteElo "2402"]
[BlackElo "2352"]

1. d4 Nf6 2. Bg5 Ne4 3. Bf4 d5 4. e3 g6 5. Ne2 Bg7 6. Nec3 Nxc3 7. Nxc3 c6 8.
Qd2 O-O 9. O-O-O b5 10. Kb1 Nd7 11. h4 Nf6 12. Bd3 h5 13. f3 a5 14. Be5 a4 15.
a3 Qa5 16. g4 hxg4 17. h5 Nxh5 18. Rxh5 gxh5 19. Qh2 f6 20. Qxh5 Rf7 21. Bg6 Be6
22. Qh7+ Kf8 23. Bf4 Ke8 24. Qxg7 Qd8 25. Bxf7+ 1-0

[Event "AUTO-ELITE-908"]
[Site "http://www.queenalice.com/game.php?id=1111402"]
[Date "2012.10.11"]
[Round "2"]
[White "isidorito444"]
[Black "RenverKestak"]
[Result "1-0"]
[WhiteElo "2392"]
[BlackElo "2587"]

1. d4 Nf6 2. c4 e6 3. Nf3 d5 4. Bg5 Be7 5. Nc3 b6 6. Bxf6 Bxf6 7. e3 O-O 8. Qc2
Bb7 9. Bd3 g6 10. cxd5 exd5 11. O-O c6 12. e4 Na6 13. Bxa6 Bxa6 14. Rfe1 Re8 15.
exd5 Rxe1+ 16. Rxe1 cxd5 17. Qd2 Bc8 18. Qf4 Be6 19. h4 Rc8 20. Ng5 Bf5 21. g4
Bxg5 22. hxg5 Be6 23. Kg2 b5 24. Nxb5 Qd7 25. Nc3 Bxg4 26. Re5 Bh3+ 27. Kg3 Be6
28. Qf3 Rd8 29. b3 Qc6 30. Ne2 Rd6 31. Nf4 Qd7 32. Nd3 Rb6 33. Nc5 Qd8 34. Qe3
Qd6 35. Kg2 Rc6 36. b4 a6 37. a4 Kg7 38. a5 Qd8 39. Qf4 Bf5 40. f3 Kg8 41. Re3
Kf8 42. Nb7 Qd7 43. Qe5 Rc2+ 44. Kg3 Qc7 45. Nc5 Qxe5+ 46. Rxe5 Bc8 47. Rxd5 Ke7
48. Re5+ Kd8 49. d5 Rc1 50. Ne4 Rg1+ 51. Kf4 Rd1 52. Nf6 Bd7 53. Re4 Bb5 54. Ke5
Ke7 55. Nxh7 Rg1 56. d6+ 1-0

[Event "AUTO-ELITE-908"]
[Site "http://www.queenalice.com/game.php?id=1111403"]
[Date "2012.10.11"]
[Round "2"]
[White "RenverKestak"]
[Black "isidorito444"]
[Result "1-0"]
[WhiteElo "2575"]
[BlackElo "2407"]

1. f4 Nf6 2. Nf3 g6 3. d4 Bg7 4. e3 c6 5. Be2 d6 6. c4 Bg4 7. Nc3 Bxf3 8. Bxf3
Nbd7 9. O-O O-O 10. a4 a5 11. e4 e5 12. Be3 exd4 13. Bxd4 Qe7 14. Qd3 Rfd8 15.
Qc2 Ne8 16. Bf2 Nc7 17. Rad1 Na6 18. h4 Ndc5 19. h5 Re8 20. Rfe1 Rad8 21. Bg4
Bh6 22. g3 Qc7 23. Kg2 Bg7 24. Bf3 Nb4 25. Qe2 b6 26. Rh1 Qb7 27. g4 Ne6 28. Be3
g5 29. fxg5 Qe7 30. Rhf1 Nxg5 31. Qd2 Ne6 32. Ne2 Be5 33. Rf2 Nc5 34. Nd4 Ncd3
35. Nxc6 Nxc6 36. Qxd3 Qh4 37. Qd2 Qg3+ 38. Kf1 Rc8 39. Qe2 Qh4 40. Bg2 Nd8 41.
b3 Ne6 42. Rf5 Rc6 43. Qf3 Qe7 44. g5 Rf8 45. Kg1 Rcc8 46. Qg4 Kh8 47. Rdf1 f6
48. g6 Rb8 49. Rd1 Rg8 50. Rf3 Rbe8 51. Rh3 Qc7 52. Rd5 Nc5 53. Bh6 Qe7 54. Qf5
Rb8 55. Rf3 Rbd8 56. Kh1 1-0

[Event "AUTO-ELITE-1082"]
[Site "http://www.queenalice.com/game.php?id=1126004"]
[Date "2012.11.26"]
[Round "1"]
[White "isidorito444"]
[Black "sergiogvh"]
[Result "1-0"]
[WhiteElo "2409"]
[BlackElo "2268"]

1. d4 Nf6 2. c4 e5 3. dxe5 Ng4 4. Bf4 Nc6 5. Nf3 Bb4+ 6. Nc3 Bxc3+ 7. bxc3 Qe7
8. Qd5 Qa3 9. Rc1 Qxa2 10. h3 Nh6 11. e4 Ne7 12. Qc5 Nc6 13. Be2 b6 14. Qe3 Ba6
15. Nd2 O-O-O 16. O-O Bb7 17. Ra1 1-0

[Event "AUTO-ELITE-1082"]
[Site "http://www.queenalice.com/game.php?id=1126005"]
[Date "2012.11.26"]
[Round "1"]
[White "sergiogvh"]
[Black "isidorito444"]
[Result "0-1"]
[WhiteElo "2382"]
[BlackElo "2414"]

1. e4 c5 2. d4 cxd4 3. c3 dxc3 4. Nxc3 Nc6 5. Bc4 a6 6. Nf3 b5 7. Bb3 Bb7 8. O-O
e6 9. Qe2 Na5 10. Bc2 Ne7 11. Bf4 Rc8 12. Rfd1 Ng6 13. Bd6 Bxd6 14. Rxd6 Nc4 15.
Rd4 Nf4 16. Qf1 Nxb2 17. Ne2 Nh3+ 18. gxh3 Rxc2 19. Ng3 Qc7 20. Ne1 Rc3 21. Qe2
Nc4 22. Qh5 O-O 23. Ne2 Ra3 24. Nc2 Ra5 25. Ng3 f5 26. exf5 Qc6 27. Ne4 exf5 28.
Nb4 Qb6 29. Ng5 h6 30. Rxd7 Ne5 31. Rxb7 Qxb7 32. Re1 Qe7 33. Nc6 Qxg5+ 0-1

[Event "AUTO-ELITE-1082"]
[Site "http://www.queenalice.com/game.php?id=1239701"]
[Date "2013.12.12"]
[Round "2"]
[White "Alsina"]
[Black "isidorito444"]
[Result "0-1"]
[WhiteElo "2557"]
[BlackElo "2440"]

1. d4 d5 2. Nf3 Nf6 3. c4 e6 4. e3 c6 5. Nc3 Nbd7 6. Bd3 dxc4 7. Bxc4 b5 8. Bd3
a6 9. O-O c5 10. a4 b4 11. Ne4 Bb7 12. Nxf6+ Qxf6 13. a5 cxd4 14. exd4 Bd6 15.
Bd2 h6 16. Be2 O-O 17. Qa4 Qe7 18. Rac1 Rfd8 19. Be3 Nf6 20. Ne5 Nd5 21. Qb3
Rac8 22. g3 Qf6 23. f4 Bc7 24. Rc5 Bb8 25. Rxc8 Rxc8 26. Nd7 Qd8 27. Nc5 Nxe3
28. Qxe3 Ba8 29. Bxa6 Qd5 30. Kf2 Rd8 31. Be2 Qa2 32. a6 Ba7 33. Rc1 Qxb2 34.
Rc4 Bd5 35. Qc1 Qa3 36. Rc2 Rb8 37. Ke1 f6 38. Kd2 Qa5 39. Rb2 Kh8 40. Bc4 Bxc5
41. dxc5 Rd8 42. Bxd5 Rxd5+ 43. Ke3 Rxc5 44. Qd2 Rc3+ 45. Kf2 Qb6+ 46. Kg2 Qxa6
47. Qd1 b3 48. Kh3 Qc4 49. Rd2 Qxf4 50. Rd8+ Kh7 0-1